<?xml version="1.0" encoding="UTF-8"?>
<collection xmlns="http://www.loc.gov/MARC21/slim">
 <record>
  <leader>00820ngm a22002295g 4500</leader>
  <controlfield tag="001">CEM.cems021598</controlfield>
  <controlfield tag="008">130507b1992##################0###0#####d</controlfield>
  <controlfield tag="005">20240829171324.0</controlfield>
  <datafield tag="245" ind1="0" ind2="0">
   <subfield code="a">Saturno :</subfield>
   <subfield code="b">El sexto planeta.</subfield>
  </datafield>
  <datafield tag="300" ind1=" " ind2=" ">
   <subfield code="a">28</subfield>
  </datafield>
  <datafield tag="490" ind1="0" ind2=" ">
   <subfield code="a">La NASA presenta</subfield>
  </datafield>
  <datafield tag="500" ind1=" " ind2=" ">
   <subfield code="a">En soporte VHS, consultar en ventanilla.</subfield>
  </datafield>
  <datafield tag="538" ind1=" " ind2=" ">
   <subfield code="a">Soporte: VHS - Norma: Pal N - Color - Grabación Drd 1992 - Hitachi=2586</subfield>
  </datafield>
  <datafield tag="520" ind1=" " ind2=" ">
   <subfield code="a">Expedición pionero (1979). Fotos y datos obtenidos por dicha expedición. Atmósfera y anillos de Saturno. Presencia probable de moléculas orgánicas.</subfield>
  </datafield>
  <datafield tag="082" ind1="5" ind2="2">
   <subfield code="/">NAS-1</subfield>
  </datafield>
  <datafield tag="653" ind1=" " ind2=" ">
   <subfield code="a">ASTRONOMIA</subfield>
  </datafield>
  <datafield tag="653" ind1=" " ind2=" ">
   <subfield code="a">PLANETAS</subfield>
  </datafield>
  <datafield tag="653" ind1=" " ind2=" ">
   <subfield code="a">SATURNO</subfield>
  </datafield>
  <datafield tag="653" ind1=" " ind2=" ">
   <subfield code="a">ATMOSFERA</subfield>
  </datafield>
  <datafield tag="653" ind1=" " ind2=" ">
   <subfield code="a">ANILLOS</subfield>
  </datafield>
  <datafield tag="653" ind1=" " ind2=" ">
   <subfield code="a">NIVEL SECUNDARIO</subfield>
  </datafield>
  <datafield tag="859" ind1=" " ind2=" ">
   <subfield code="a">CEMS</subfield>
   <subfield code="b">BIB. CEMS - Depto. Recursos Didacticos</subfield>
   <subfield code="h">520</subfield>
   <subfield code="i">NAS-1</subfield>
   <subfield code="k">DRD</subfield>
   <subfield code="p">241.12</subfield>
   <subfield code="t">Ej.1</subfield>
  </datafield>
 </record>
</collection>
